00474nam a2200157Ia 4500003000400000005001700004008004100021020001800062040000900080082001500089100002000104245010500124260005800229300000900287650002000296OSt20200323101234.0190216s9999||||xx |||||||||||||| ||und|| a9788121511483 coclc a297bTIT/I aTitus, Murray T 0aIslam In India And Pakistan :b A Religious History Of Islam In India And Pakistan /cMurray T Titus bMunshiram Manoharlal Pub Pvt Ltd,c2005.aNew Delhi: a328p aIslamic History